000 00411nam a2200181Ia 4500
005 20240823055345.0
008 240823s9999||||xx |||||||||||||| ||und||
041 _aENGLISH
082 _A660.6 Q2
100 _aMehta Y K
245 0 _aCell Biology
250 _a1st
260 _c2012
_bSonali Publica
500 _aYES
650 _aCell Biology
_bAllied Health Science
942 _cBK
999 _c228597
_d228597